| 000 | 00699nam a2200205 4500 | ||
|---|---|---|---|
| 005 | 20250605151431.0 | ||
| 010 | _aENG-145219 | ||
| 020 |
_a9789394899469 _c351.00 |
||
| 035 | _aEN-128751 | ||
| 037 | _bDBAD | ||
| 082 |
_a333.7915 _21 |
||
| 100 |
_aRamjani, S.A. _981733 |
||
| 245 |
_aBasics of Energy and Environment/ _cS.A. Ramjani; J. John Gunasekar [and] J. Ramachandran |
||
| 260 |
_aMadurai _bShanlax Publications _c2022 |
||
| 270 |
_a61,66 Vasantha Nagar _bMadurai _e625003 _mshanlaxpublications@gmail.com |
||
| 300 |
_a117p. _c25cm(Pb) |
||
| 700 |
_aGunasekar, J. John _eAuthor _981726 |
||
| 700 |
_aRamachandran, J. _eAuthor _981727 |
||
| 942 |
_2ddc _cEN _h333.7915 _mRAM |
||
| 999 |
_c211622 _d211622 |
||